000 00379nss a2200169 a 4500
003 AR-X00000XY
005 20251128212016.0
008 117020s1962 ||||||||||||||000 | spa||
040 _cAR-X00000XY
245 1 0 _aRhétorique
260 _aParis
_c1962
300 0 _asin pag.
_bláms.
655 _aLITERATURA
700 1 _aBosmans, André
942 _cCR
998 _cmartin
999 _c22046
_d22046